| 000 | 00779nam a22002057a 4500 | ||
|---|---|---|---|
| 003 | 0 | ||
| 005 | 20240910153103.0 | ||
| 008 | 240910b xxu||||| |||| 00| 0 eng d | ||
| 020 | _a978-1-0718-9424-8 | ||
| 050 |
_aLB 1576 _b.B47 2023 |
||
| 100 | _aBernabei, Gretchen | ||
| 245 |
_aText structures and fables _bteaching students to write about what they read _cGretchen Bernabei and Jayne Hover |
||
| 260 |
_aThousand Oaks, California _bCorwin _c2023 |
||
| 300 |
_axi, 185 pages : _bcolored illustrations and pictures ; _c28cm. |
||
| 504 | _aIncludes bibliographical references. | ||
| 650 | _aComposition (Language arts)--Study and teaching. | ||
| 650 | _aFables--Study and teaching (Elementary). | ||
| 650 | _aFables--Study and teaching (Secondary). | ||
| 942 |
_2lcc _cBK |
||
| 999 |
_c366211 _d366211 |
||